[Event "Paleochora op 15th"]
[Site "Paleochora"]
[Date "2022.07.17"]
[Round "1"]
[White "Stremavicius, Titas"]
[Black "Ribreau, Herve"]
[Result "1-0"]
[WhiteElo "2532"]
[BlackElo "2031"]
[PlyCount "36"]
[EventDate "2022.07.17"]
[EventType "swiss"]
[EventRounds "9"]
[EventCountry "GRE"]
[SourceTitle "CBM 209 Extra"]
[Source "ChessBase"]
[SourceDate "2022.09.30"]
[SourceVersion "1"]
[SourceVersionDate "2022.09.30"]
[SourceQuality "1"]

1. c4 e6 2. g3 c5 3. Nf3 b6 4. Bg2 Bb7 5. 0-0 Nf6 6. Nc3 Be7 7. Re1 0-0 8. e4 d6 9. d4 cxd4 10. Nxd4 Qc8 11. b3 d5 12. exd5 Bb4 13. Bd2 Bxc3 14. Bxc3 exd5 15. Nb5 Ne4 16. Bb2 Qf5 17. Qd4 Nf6 18. Nd6 Qc8 1-0

[Event "Paleochora op 13th"]
[Site "Paleochora"]
[Date "2020.07.20"]
[Round "4"]
[White "Ribreau, Herve"]
[Black "Bulmaga, Irina"]
[Result "0-1"]
[WhiteElo "2103"]
[BlackElo "2440"]
[PlyCount "80"]
[EventDate "2020.07.18"]
[EventType "swiss"]
[EventRounds "9"]
[EventCountry "GRE"]
[SourceTitle "EXT 2021"]
[Source "ChessBase"]
[SourceDate "2020.10.23"]
[SourceVersion "1"]
[SourceVersionDate "2020.10.23"]
[SourceQuality "1"]

1. c4 Nf6 2. g3 e5 3. Bg2 Nc6 4. Nc3 Bc5 5. e3 d5 6. cxd5 Nb4 7. d4 exd4 8. exd4 Be7 9. Nge2 Nbxd5 10. 0-0 0-0 11. Qb3 Nb6 12. d5 Bf5 13. Bf4 Bd6 14. Rac1 Re8 15. Rfd1 a6 16. a4 Rb8 17. a5 Nbd7 18. Bxd6 cxd6 19. Nd4 Bg4 20. f3 Bh5 21. Qb4 Nc5 22. Qb6 Qd7 23. b4 Na4 24. Nxa4 Nxd5 25. Qa7 Qxa4 26. Nf5 Ne3 27. Re1 Qxb4 28. Rc7 Nd5 29. Re4 Qxa5 30. Nxd6 Rf8 31. Re5 Bg6 32. Qd4 Qa3 33. Rc5 Nf6 34. Bf1 Qxf3 35. Be2 Qb3 36. Re3 Qb1+ 37. Kg2 Rbd8 38. Re4 Nxe4 39. Bd3 Qa2+ 40. Rc2 Rxd6 0-1

[Event "Monaco Sulava Memorial 1st"]
[Site "Monte Carlo"]
[Date "2019.11.29"]
[Round "3"]
[White "Prohorov, Olexandr"]
[Black "Ribreau, Herve"]
[Result "1-0"]
[WhiteElo "2011"]
[BlackElo "2097"]
[PlyCount "79"]
[EventDate "2019.11.29"]
[EventType "swiss"]
[EventRounds "9"]
[EventCountry "MNC"]
[SourceTitle "CBM 193 Extra"]
[Source "ChessBase"]
[SourceDate "2020.01.31"]
[SourceVersion "1"]
[SourceVersionDate "2020.01.31"]
[SourceQuality "1"]

1. e4 e6 2. d4 d5 3. Nc3 Nf6 4. Bg5 Bb4 5. e5 h6 6. Bh4 g5 7. Bg3 Ne4 8. Qd3 c5 9. dxc5 Nd7 10. f3 Nxg3 11. hxg3 Qc7 12. f4 Qxc5 13. 0-0-0 gxf4 14. gxf4 Bxc3 15. Qxc3 Qxc3 16. bxc3 Nc5 17. Nf3 Ne4 18. Kb2 Nf2 19. Bb5+ Bd7 20. Bxd7+ Kxd7 21. Nd4 Nxd1+ 22. Rxd1 a6 23. c4 Rag8 24. Rd2 Rg4 25. cxd5 exd5 26. f5 Rhg8 27. e6+ fxe6 28. fxe6+ Kd6 29. Nf5+ Kxe6 30. Nxh6 Rxg2 31. Rd3 Rh8 32. Re3+ Kf6 33. Rf3+ Kg6 34. Nf5 Kg5 35. Nd4 Kg4 36. Rf7 Rhh2 37. Rxb7 Rd2 38. Rb4 a5 39. Ra4 Kf4 40. Nb3+ 1-0

[Event "Paleochora op 11th"]
[Site "Paleochora"]
[Date "2018.07.21"]
[Round "5"]
[White "Ribreau, Herve"]
[Black "Dijkhuis, Tycho"]
[Result "1/2-1/2"]
[WhiteElo "2152"]
[BlackElo "2401"]
[PlyCount "63"]
[EventDate "2018.07.18"]
[EventType "swiss"]
[EventRounds "9"]
[EventCountry "GRE"]
[SourceTitle "CBM 186 Extra"]
[Source "ChessBase"]
[SourceDate "2018.08.24"]
[SourceVersion "1"]
[SourceVersionDate "2018.08.24"]
[SourceQuality "1"]

1. e4 c5 2. Nf3 Nc6 3. Bb5 e6 4. Bxc6 bxc6 5. d3 Ne7 6. Qe2 Qc7 7. h4 e5 8. h5 d6 9. Nh4 Rg8 10. g4 Be6 11. Be3 g6 12. c4 f5 13. hxg6 hxg6 14. gxf5 gxf5 15. f4 fxe4 16. dxe4 Bg4 17. Qf2 exf4 18. Qxf4 0-0-0 19. Nc3 Qd7 20. Qf2 Bg7 21. Qd2 Qe6 22. Qd3 d5 23. cxd5 cxd5 24. Qb5 d4 25. Qxc5+ Nc6 26. Nd5 dxe3 27. Rc1 Be5 28. Qxc6+ Qxc6 29. Rxc6+ Kb7 30. Rc2 Rc8 31. Nxe3 Bg3+ 32. Kd2 1/2-1/2

[Event "FRA-ch Accession"]
[Site "Belfort"]
[Date "2010.??.??"]
[Round "7"]
[White "Bujisho, Benjamin"]
[Black "Ribreau, Herve"]
[Result "1/2-1/2"]
[WhiteElo "2418"]
[BlackElo "2238"]
[PlyCount "48"]
[EventDate "2010.08.09"]
[EventType "swiss"]
[EventRounds "11"]
[EventCountry "FRA"]
[SourceTitle "CBM 138 Extra"]
[Source "ChessBase"]
[SourceDate "2010.10.29"]
[SourceVersion "1"]
[SourceVersionDate "2010.10.29"]
[SourceQuality "1"]

1. d4 d6 2. c4 e5 3. d5 f5 4. e4 fxe4 5. Nc3 Nf6 6. Nge2 Bf5 7. Ng3 Bg6 8. Bg5 Be7 9. Bxf6 gxf6 10. h4 Qd7 11. h5 Bf7 12. Qb3 b6 13. 0-0-0 f5 14. Qb5 0-0 15. Qxd7 Nxd7 16. Nxf5 Bg5+ 17. Ne3 Nf6 18. Be2 Be8 19. Kb1 Bd7 20. Rde1 Rf7 21. Bd1 Kh8 22. Bc2 Rg8 23. Nxe4 Nxe4 24. Bxe4 Rxf2 1/2-1/2

[Event "FRA-ch Accession"]
[Site "Belfort"]
[Date "2010.??.??"]
[Round "9"]
[White "Saucey, Michel"]
[Black "Ribreau, Herve"]
[Result "1-0"]
[WhiteElo "2306"]
[BlackElo "2238"]
[PlyCount "89"]
[EventDate "2010.08.09"]
[EventType "swiss"]
[EventRounds "11"]
[EventCountry "FRA"]
[SourceTitle "CBM 138 Extra"]
[Source "ChessBase"]
[SourceDate "2010.10.29"]
[SourceVersion "1"]
[SourceVersionDate "2010.10.29"]
[SourceQuality "1"]

1. d4 Nf6 2. c4 c5 3. d5 b5 4. Nf3 g6 5. Nfd2 Bg7 6. e4 bxc4 7. Nc3 d6 8. Nxc4 0-0 9. Be2 Ba6 10. 0-0 Nbd7 11. Bd2 Bxc4 12. Bxc4 Rb8 13. Rb1 Ne8 14. Nb5 Ne5 15. Be2 a6 16. Na3 f5 17. f4 Nd7 18. exf5 gxf5 19. Qc2 Qc8 20. Bf3 Ndf6 21. Nc4 Nc7 22. Ne3 Kh8 23. Nxf5 Nfxd5 24. Nxg7 Kxg7 25. Bxd5 Nxd5 26. f5 Nf6 27. Rbe1 Rf7 28. Bc3 d5 29. Be5 Rb4 30. a3 Rc4 31. Qd2 Qc6 32. Rd1 d4 33. Qe2 Qd5 34. Rfe1 Kf8 35. Bxf6 exf6 36. Qe8+ Kg7 37. Rd3 Rc2 38. Rg3+ Kh6 39. Qg8 Qxf5 40. Kh1 Re2 41. Rg1 Re3 42. Rxe3 dxe3 43. Qxf7 e2 44. Qc4 Qf2 45. Qc1+ 1-0

[Event "Nice op"]
[Site "Nice"]
[Date "2009.08.??"]
[Round "6"]
[White "Salvador, Roland"]
[Black "Ribreau, Herve"]
[Result "0-1"]
[WhiteElo "2447"]
[BlackElo "2248"]
[PlyCount "92"]
[EventDate "2009.08.??"]
[EventType "swiss"]
[EventRounds "9"]
[EventCountry "FRA"]
[SourceTitle "EXT 2010"]
[Source "ChessBase"]
[SourceDate "2010.11.25"]
[SourceVersion "1"]
[SourceVersionDate "2010.11.25"]
[SourceQuality "1"]

1. d4 Nf6 2. Nf3 g6 3. g3 Bg7 4. Bg2 0-0 5. 0-0 d5 6. Nc3 c6 7. Bf4 Ne4 8. Nxe4 dxe4 9. Ne5 f6 10. Nc4 b5 11. Nd2 f5 12. Nb3 Be6 13. c3 Nd7 14. a4 a6 15. f3 exf3 16. Bxf3 Bd5 17. Bxd5+ cxd5 18. axb5 axb5 19. Rxa8 Qxa8 20. Qd3 Qa4 21. Nc5 Nxc5 22. dxc5 Qc4 23. Be3 e6 24. Ra1 Rc8 25. Ra5 Rb8 26. Ra6 Kf7 27. Rb6 Be5 28. Qd2 Rxb6 29. cxb6 Ke7 30. Bf2 f4 31. b3 Qxb3 32. gxf4 Qb1+ 33. Kg2 Qe4+ 34. Kg3 Bd6 35. Qe3 Qxe3+ 36. Bxe3 Kd7 37. Kg4 Kc6 38. Bd4 Be7 39. Kf3 Bd8 40. e4 Bxb6 41. exd5+ exd5 42. Bf6 h5 43. h3 Kd6 44. Be5+ Ke6 45. Bb8 Kf5 46. h4 Bd8 0-1

[Event "Kavala op 17th"]
[Site "Kavala"]
[Date "2008.07.31"]
[Round "1"]
[White "Timoshenko, Georgy"]
[Black "Ribreau, Herve"]
[Result "1-0"]
[WhiteElo "2572"]
[BlackElo "2252"]
[PlyCount "77"]
[EventDate "2008.07.31"]
[EventType "swiss"]
[EventRounds "9"]
[EventCountry "GRE"]
[SourceTitle "CBM 125 Extra"]
[Source "ChessBase"]
[SourceDate "2008.09.01"]
[SourceVersion "1"]
[SourceVersionDate "2008.09.01"]
[SourceQuality "1"]

1. e4 d6 2. d4 Nf6 3. Nc3 e5 4. Nf3 Nbd7 5. Bc4 Be7 6. 0-0 0-0 7. Re1 c6 8. a4 b6 9. Ba2 a6 10. Bg5 Rb8 11. Rb1 b5 12. axb5 axb5 13. b4 Re8 14. h3 Qc7 15. Bh4 exd4 16. Nxd4 Ne5 17. f4 Ng6 18. Bg3 Bf8 19. Kh1 Bd7 20. Bh2 Ra8 21. Qd3 Qb7 22. e5 Nh5 23. Qf3 Rxa2 24. Nxa2 Nhxf4 25. Bxf4 dxe5 26. Be3 exd4 27. Bxd4 Rxe1+ 28. Rxe1 Be6 29. Nc3 Bxb4 30. Rb1 Bf8 31. Qg3 Qd7 32. Rd1 Bd6 33. Qf2 Qe7 34. Ne4 Bd5 35. Nxd6 Qxd6 36. Re1 h6 37. Bc5 Qd7 38. Qg3 Nf4 39. Qxf4 1-0

[Event "FRA-chT3 Gr01 0607"]
[Site "France"]
[Date "2007.03.18"]
[Round "7.1"]
[White "Ribreau, Herve"]
[Black "Stoppa, Omar"]
[Result "1/2-1/2"]
[WhiteElo "2212"]
[BlackElo "2227"]
[PlyCount "40"]
[EventDate "2006.10.15"]
[EventType "team"]
[EventRounds "9"]
[EventCountry "FRA"]
[SourceTitle "EXT 2008"]
[Source "ChessBase"]
[SourceDate "2007.11.25"]
[SourceVersion "1"]
[SourceVersionDate "2007.11.25"]
[SourceQuality "1"]

1. c4 Nf6 2. Nc3 c5 3. Nf3 Nc6 4. e3 g6 5. d4 cxd4 6. exd4 Bg7 7. d5 Nb8 8. d6 0-0 9. Be2 exd6 10. 0-0 d5 11. cxd5 d6 12. h3 Nbd7 13. Be3 Re8 14. Nd4 Nc5 15. Bf3 Nfe4 16. Nxe4 Nxe4 17. Ne6 fxe6 18. Bxe4 e5 19. Qb3 Qh4 20. f3 Bxh3 1/2-1/2

[Event "FRA-chT3 Gr01 0607"]
[Site "France"]
[Date "2007.02.11"]
[Round "6.1"]
[White "Gaubil, Olivier"]
[Black "Ribreau, Herve"]
[Result "0-1"]
[WhiteElo "2151"]
[BlackElo "2212"]
[PlyCount "92"]
[EventDate "2006.10.15"]
[EventType "team"]
[EventRounds "9"]
[EventCountry "FRA"]
[SourceTitle "EXT 2008"]
[Source "ChessBase"]
[SourceDate "2007.11.25"]
[SourceVersion "1"]
[SourceVersionDate "2007.11.25"]
[SourceQuality "1"]

1. Nf3 e6 2. d4 f5 3. g3 Nf6 4. Bg2 Be7 5. 0-0 0-0 6. Nbd2 c5 7. e3 Nc6 8. c3 d6 9. Nc4 Qc7 10. dxc5 dxc5 11. e4 Nxe4 12. Bf4 Qd8 13. Qb3 Na5 14. Nxa5 Qxa5 15. Ne5 g5 16. Nc4 Qa6 17. Be5 Bd7 18. Rad1 Ba4 19. Qa3 Bxd1 20. Qxa6 bxa6 21. Rxd1 Rad8 22. Rxd8 Rxd8 23. Bxe4 fxe4 24. Kf1 Rd1+ 25. Ke2 Ra1 26. a3 g4 27. Ne3 h5 28. Bb8 Rb1 29. Nd1 Bg5 30. Bxa7 Rc1 31. Bxc5 Rc2+ 32. Ke1 e3 33. Nxe3 Bxe3 34. Bxe3 Rxb2 35. Bc1 Ra2 36. c4 Kf7 37. c5 Ke8 38. c6 Kd8 39. Bf4 Rxa3 40. Kd2 Ra2+ 41. Ke3 Rc2 42. c7+ Rxc7 43. Bxc7+ Kxc7 44. f4 a5 45. Kd4 Kd6 46. Kc4 e5 0-1

[Event "FRA-chT3 Gr01 0607"]
[Site "France"]
[Date "2006.10.15"]
[Round "1.1"]
[White "Ribreau, Herve"]
[Black "Comte, Christophe"]
[Result "1-0"]
[WhiteElo "2206"]
[BlackElo "2095"]
[PlyCount "89"]
[EventDate "2006.10.15"]
[EventType "team"]
[EventRounds "9"]
[EventCountry "FRA"]
[SourceTitle "EXT 2008"]
[Source "ChessBase"]
[SourceDate "2007.11.25"]
[SourceVersion "1"]
[SourceVersionDate "2007.11.25"]
[SourceQuality "1"]

1. Nf3 Nf6 2. c4 e6 3. g3 b6 4. Bg2 Bb7 5. 0-0 c5 6. Nc3 Be7 7. d4 cxd4 8. Qxd4 Nc6 9. Qd3 Rc8 10. a3 Na5 11. Nd2 Bxg2 12. Kxg2 Qc7 13. f3 a6 14. Na4 Qc6 15. b3 b5 16. Nb2 bxc4 17. Nbxc4 Nxc4 18. Nxc4 d5 19. Ne5 Qb5 20. Bb2 Qxd3 21. Nxd3 Rc2 22. Kf2 Bc5+ 23. Nxc5 Rxc5 24. Rfc1 Rxc1 25. Rxc1 Kd7 26. Be5 Rc8 27. Rxc8 Kxc8 28. Bxf6 gxf6 29. g4 e5 30. b4 Kd7 31. Ke3 Ke6 32. a4 Kd6 33. Kd3 Kc6 34. e3 Kd6 35. Kc3 Kc6 36. h4 Kb6 37. Kd3 Kc6 38. f4 Kd6 39. g5 fxg5 40. hxg5 exf4 41. exf4 Ke6 42. b5 axb5 43. axb5 Kd7 44. Kd4 Kd6 45. f5 1-0

[Event "FRA-chT2 0304a"]
[Site "France"]
[Date "2004.03.13"]
[Round "8.4"]
[White "Hoyer, Hans Gerd"]
[Black "Ribreau, Herve"]
[Result "0-1"]
[WhiteElo "2152"]
[BlackElo "2240"]
[PlyCount "82"]
[EventDate "2003.10.??"]
[EventType "team"]
[EventRounds "11"]
[EventCountry "FRA"]
[SourceTitle "EXT 2005"]
[Source "ChessBase"]
[SourceDate "2004.11.15"]
[SourceVersion "1"]
[SourceVersionDate "2004.11.15"]
[SourceQuality "1"]
[WhiteTeam "Marseille Reciproque"]
[BlackTeam "Nice Alekhine"]
[WhiteTeamCountry "FRA"]
[BlackTeamCountry "FRA"]

1. e4 e6 2. d3 d5 3. Nd2 Nf6 4. Ngf3 b6 5. g3 dxe4 6. dxe4 Bc5 7. Bg2 Ba6 8. c4 Bb7 9. Qe2 Nc6 10. a3 e5 11. 0-0 a5 12. b3 0-0 13. Bb2 Re8 14. Rad1 Qe7 15. Nb1 Rad8 16. h3 Nd4 17. Nxd4 exd4 18. b4 axb4 19. axb4 Bxb4 20. Bxd4 Nxe4 21. Qb2 Bc5 22. Rfe1 Qd6 23. Bxc5 Qxd1 24. Rxd1 Rxd1+ 25. Kh2 Nxc5 26. Nc3 Rde1 27. Bxb7 Nxb7 28. Nd5 R8e2 29. Qd4 Rf1 30. Nf6+ Kh8 31. Ne4 Nd6 32. Qd3 Rfe1 33. c5 bxc5 34. Qd5 Rxe4 35. Qxc5 Rc4 36. Qa5 Re2 37. g4 h6 38. Kg3 Rc3+ 39. f3 Ne4+ 40. Kh4 Rxf3 41. g5 Rf4+ 0-1

[Event "Nice op 19th"]
[Site "Nice"]
[Date "2003.12.30"]
[Round "7"]
[White "Ribreau, Herve"]
[Black "Bujisho, Benjamin"]
[Result "1/2-1/2"]
[WhiteElo "2246"]
[BlackElo "2381"]
[PlyCount "80"]
[EventDate "2003.12.26"]
[EventType "swiss"]
[EventRounds "7"]
[EventCountry "FRA"]
[SourceTitle "CBM 097 Extra"]
[Source "ChessBase"]
[SourceDate "2004.01.13"]
[SourceVersion "1"]
[SourceVersionDate "2004.01.13"]
[SourceQuality "1"]

1. c4 c5 2. Nf3 Nf6 3. Nc3 g6 4. g3 Bg7 5. Bg2 0-0 6. 0-0 Nc6 7. d4 cxd4 8. Nxd4 Ng4 9. e3 d6 10. b3 Nge5 11. h3 Nxd4 12. exd4 Nc6 13. Be3 e5 14. dxe5 Bf5 15. Nd5 dxe5 16. Re1 Re8 17. Qd2 Be6 18. Kh2 Rb8 19. Rad1 Nd4 20. f4 Bxd5 21. cxd5 Nb5 22. a4 exf4 23. Bxf4 Rxe1 24. Qxe1 Nd6 25. Qb4 Bf8 26. Qd4 a6 27. Be5 Nf5 28. Qf4 Bd6 29. Rc1 Bxe5 30. Qxe5 Qd6 31. Qxd6 Nxd6 32. Rc7 Rd8 33. g4 g5 34. Kg3 Kf8 35. Kf3 Ke8 36. Ke3 Rd7 37. Rxd7 Kxd7 38. Be4 h6 39. Kd4 a5 40. Bd3 b6 1/2-1/2

[Event "FRA-chT2 0304a"]
[Site "France"]
[Date "2003.11.15"]
[Round "2.3"]
[White "Olivier, Jean Christophe"]
[Black "Ribreau, Herve"]
[Result "1/2-1/2"]
[WhiteElo "2398"]
[BlackElo "2246"]
[PlyCount "81"]
[EventDate "2003.10.??"]
[EventType "team"]
[EventRounds "11"]
[EventCountry "FRA"]
[SourceTitle "EXT 2005"]
[Source "ChessBase"]
[SourceDate "2004.11.15"]
[SourceVersion "1"]
[SourceVersionDate "2004.11.15"]
[SourceQuality "1"]
[WhiteTeam "Grenoble"]
[BlackTeam "Nice Alekhine"]
[WhiteTeamCountry "FRA"]
[BlackTeamCountry "FRA"]

1. e4 e6 2. d4 d5 3. Nc3 Bb4 4. e5 c5 5. a3 Bxc3+ 6. bxc3 Qh4 7. Nf3 Qe4+ 8. Be2 c4 9. a4 h6 10. h4 a5 11. h5 Bd7 12. Rh4 Qh7 13. Be3 Bc6 14. g4 Nd7 15. Qb1 Ra6 16. Kd2 Nb6 17. g5 Ne7 18. gxh6 gxh6 19. Nh2 Kd8 20. Ng4 Kc7 21. Nxh6 Nxa4 22. Qg1 Ng8 23. Nxg8 Rxg8 24. Rg4 Raa8 25. h6 Rxg4 26. Qxg4 Rg8 27. Qf4 b5 28. Bh5 Be8 29. Qf6 b4 30. Qe7+ Kc8 31. Rxa4 Bxa4 32. Bd1 b3 33. Qc5+ Kb7 34. Qxa5 bxc2 35. Qb4+ Kc8 36. Qc5+ Kd8 37. Qa5+ Kc8 38. Qa8+ Kc7 39. Qa7+ Kc8 40. Qa8+ Kc7 41. Qa7+ 1/2-1/2

[Event "FRA-chT2 0304"]
[Site "France"]
[Date "2003.10.12"]
[Round "1"]
[White "Perez, Flavio"]
[Black "Ribreau, Herve"]
[Result "0-1"]
[WhiteElo "2184"]
[BlackElo "2246"]
[PlyCount "72"]
[EventDate "2003.10.??"]
[EventType "team"]
[EventRounds "11"]
[EventCountry "FRA"]
[SourceTitle "EXT 2005"]
[Source "ChessBase"]
[SourceDate "2004.11.15"]
[SourceVersion "1"]
[SourceVersionDate "2004.11.15"]
[SourceQuality "1"]

1. e4 e6 2. Nf3 d5 3. e5 c5 4. b4 cxb4 5. d4 Nc6 6. a3 f6 7. axb4 Bxb4+ 8. c3 Be7 9. Bd3 fxe5 10. Nxe5 Nf6 11. 0-0 0-0 12. Nd2 Bd7 13. f4 a6 14. Qe2 Rc8 15. Re1 Nxe5 16. fxe5 Ne8 17. Bb2 g6 18. c4 dxc4 19. Bxc4 Ng7 20. Ne4 Bc6 21. Nf6+ Kh8 22. Rf1 Bd5 23. Bxd5 exd5 24. Ba3 Bxa3 25. Rxa3 Qb6 26. Rd3 Ne6 27. Qd2 Qb5 28. Rd1 Rf7 29. Rf3 Rd7 30. Qh6 Qe2 31. Qd2 Qxd2 32. Rxd2 Rc1+ 33. Kf2 Ng5 34. Re3 Rf7 35. Ke2 Ne6 36. Nxd5 Rd7 0-1

[Event "FRA-chT2S"]
[Site "France"]
[Date "2003.03.15"]
[Round "8.4"]
[White "Adda, Olivier"]
[Black "Ribreau, Herve"]
[Result "0-1"]
[WhiteElo "2144"]
[BlackElo "2169"]
[PlyCount "44"]
[EventDate "2002.10.??"]
[EventType "team"]
[EventRounds "11"]
[EventCountry "FRA"]
[SourceTitle "EXT 2004"]
[Source "ChessBase"]
[SourceDate "2003.11.25"]
[SourceVersion "1"]
[SourceVersionDate "2003.11.25"]
[SourceQuality "1"]

1. e4 e6 2. d4 d5 3. Nd2 c5 4. exd5 exd5 5. Bb5+ Bd7 6. Qe2+ Be7 7. dxc5 Nf6 8. Ngf3 0-0 9. 0-0 Re8 10. Bd3 Nc6 11. c3 Bxc5 12. Qd1 Bg4 13. Qa4 Qd6 14. h3 Qg3 15. hxg4 Nxg4 16. Nb3 Nce5 17. Qxg4 Bxf2+ 18. Rxf2 Nxg4 19. Rf1 Re5 20. Nbd4 Rae8 21. Nf5 Rxf5 22. Bxf5 Re2 0-1

[Event "FRA-chT2"]
[Site "France"]
[Date "2001.12.09"]
[Round "4"]
[White "Fournier, Camille"]
[Black "Ribreau, Herve"]
[Result "0-1"]
[WhiteElo "2142"]
[BlackElo "2166"]
[PlyCount "44"]
[EventDate "2002.??.??"]
[EventType "team"]
[EventRounds "11"]
[EventCountry "FRA"]
[SourceTitle "EXT 2003"]
[Source "ChessBase"]
[SourceDate "2002.11.25"]
[SourceVersion "1"]
[SourceVersionDate "2002.11.25"]
[SourceQuality "1"]

1. d4 Nf6 2. Nf3 c5 3. d5 b5 4. Bg5 Ne4 5. h4 Qa5+ 6. Nfd2 Bb7 7. c3 Bxd5 8. Nxe4 Bxe4 9. Nd2 Bb7 10. Nb3 Qc7 11. Qd2 e5 12. h5 c4 13. Nc1 f6 14. Bh4 d5 15. g4 d4 16. Rg1 Nc6 17. Bg2 0-0-0 18. Bxc6 Bxc6 19. Bg3 dxc3 20. Qxc3 Qd7 21. f3 Qd1+ 22. Kf2 Bc5+ 0-1

[Event "FRA-chT2S 9798"]
[Site "France"]
[Date "1998.??.??"]
[Round "7"]
[White "Babault, Patrice"]
[Black "Ribreau, Herve"]
[Result "1-0"]
[WhiteElo "2305"]
[BlackElo "2175"]
[PlyCount "64"]
[EventDate "1997.??.??"]
[EventType "team"]
[EventRounds "9"]
[EventCountry "FRA"]
[SourceTitle "EXT 2003"]
[Source "ChessBase"]
[SourceDate "2002.11.25"]
[SourceVersion "1"]
[SourceVersionDate "2002.11.25"]
[SourceQuality "1"]

1. e4 e6 2. Qe2 c5 3. Nf3 Nc6 4. g3 Be7 5. Bg2 d5 6. d3 Nf6 7. 0-0 b6 8. Nbd2 Bb7 9. Re1 Qc7 10. c3 h6 11. a3 0-0-0 12. b4 c4 13. exd5 cxd3 14. Qxd3 Rxd5 15. Qe2 g5 16. c4 Nd4 17. Nxd4 Rxd4 18. Bxb7+ Qxb7 19. Bb2 Rd7 20. c5 bxc5 21. Bxf6 Bxf6 22. Rac1 Rhd8 23. Nb3 Be7 24. Na5 Qb6 25. Nc4 Qb7 26. bxc5 Rc7 27. Na5 Qa8 28. c6 Rd5 29. Nb7 a5 30. Qf3 Rf5 31. Qd3 Bf6 32. Nd6+ Kd8 1-0

[Event "FRA-chT"]
[Site "France"]
[Date "1996.??.??"]
[Round "?"]
[White "Marcantoni, Herve"]
[Black "Ribreau, Herve"]
[Result "0-1"]
[WhiteElo "2255"]
[BlackElo "2180"]
[PlyCount "70"]
[EventDate "1996.??.??"]
[EventType "team"]
[EventRounds "11"]
[EventCountry "FRA"]
[SourceTitle "CBM 055 Extra"]
[Source "ChessBase"]
[SourceDate "1997.01.01"]
[SourceVersion "1"]
[SourceVersionDate "1997.01.01"]
[SourceQuality "1"]

1. e4 e5 2. Nf3 Nc6 3. Bb5 a6 4. Ba4 Nf6 5. 0-0 b5 6. Bb3 Bb7 7. Re1 Bc5 8. c3 d6 9. d4 Bb6 10. Bg5 h6 11. Bh4 g5 12. Bg3 0-0 13. a4 Re8 14. Qd2 Na5 15. Bc2 Nh5 16. Na3 f5 17. exf5 e4 18. Nh4 Nxg3 19. hxg3 Qf6 20. b4 Nc4 21. Nxc4 bxc4 22. f3 gxh4 23. fxe4 a5 24. b5 Re7 25. Re3 Kh8 26. gxh4 Rg8 27. Kh2 Rg4 28. g3 Bxe4 29. Qe2 Qxf5 30. Rf1 Qe6 31. Rf6 Qxf6 32. Bxe4 Rg8 33. Rf3 Qg7 34. Qc2 Rge8 35. Re3 d5 0-1

[Event "Cannes Martinez op"]
[Site "Cannes"]
[Date "1995.??.??"]
[Round "6"]
[White "De Lagontrie, Jean"]
[Black "Ribreau, Herve"]
[Result "0-1"]
[WhiteElo "2085"]
[BlackElo "2195"]
[PlyCount "110"]
[EventDate "1995.07.??"]
[EventType "swiss"]
[EventRounds "9"]
[EventCountry "FRA"]
[SourceTitle "EXT 1998"]
[Source "ChessBase"]
[SourceDate "1997.11.17"]
[SourceVersion "1"]
[SourceVersionDate "1997.11.17"]
[SourceQuality "1"]

1. d4 d5 2. c4 c6 3. Nf3 Nf6 4. Nc3 a6 5. cxd5 cxd5 6. Bf4 e6 7. e3 Be7 8. Bd3 0-0 9. 0-0 b5 10. Qe2 Bb7 11. Rfc1 Nc6 12. h3 Qd7 13. Nxb5 axb5 14. Bxb5 Bd6 15. Be5 Rfc8 16. a4 Qe7 17. Bxc6 Bxc6 18. Bxd6 Qxd6 19. b3 Bb7 20. Qb2 Nd7 21. Rxc8+ Bxc8 22. b4 Nb6 23. a5 Nc4 24. Qc3 Ba6 25. Rb1 Bb5 26. Ne1 Qa6 27. Nd3 Na3 28. Qxa3 Bxd3 29. Rc1 Bc4 30. e4 dxe4 31. Qe3 f5 32. Qg5 Qc6 33. h4 Qd5 34. Qe3 Bd3 35. Rc5 Qb3 36. Qc1 Qxb4 37. Rc8+ Rxc8 38. Qxc8+ Kf7 39. Qc7+ Qe7 40. Qb6 f4 41. a6 e3 42. fxe3 fxe3 43. Qb7 e2 44. Kf2 Bc4 45. g3 Bd5 46. Qb8 Qf6+ 47. Kxe2 Qf3+ 48. Kd2 Qf2+ 49. Kd3 Qf1+ 50. Kd2 Qxa6 51. Qc7+ Kg6 52. h5+ Kxh5 53. Qxg7 Qa2+ 54. Ke3 Qa3+ 55. Kf4 Qc1+ 0-1

[Event "Cannes Martinez op"]
[Site "Cannes"]
[Date "1995.??.??"]
[Round "5"]
[White "Houriez, Alain"]
[Black "Ribreau, Herve"]
[Result "1-0"]
[WhiteElo "2065"]
[BlackElo "2195"]
[PlyCount "65"]
[EventDate "1995.07.??"]
[EventType "swiss"]
[EventRounds "9"]
[EventCountry "FRA"]
[SourceTitle "EXT 1998"]
[Source "ChessBase"]
[SourceDate "1997.11.17"]
[SourceVersion "1"]
[SourceVersionDate "1997.11.17"]
[SourceQuality "1"]

1. e4 e5 2. Nf3 Nc6 3. Bc4 Nf6 4. Ng5 d5 5. exd5 b5 6. Bf1 Nd4 7. c3 Nxd5 8. Ne4 Qh4 9. Ng3 Bg4 10. f3 e4 11. cxd4 Bd6 12. Bxb5+ Kd8 13. 0-0 exf3 14. Rxf3 Rb8 15. a4 Nf4 16. Nc3 a6 17. Bf1 f5 18. d3 g5 19. Qe1 Bxf3 20. gxf3 Nh5 21. Nce2 f4 22. Qa5 Rb5 23. axb5 fxg3 24. h3 g2 25. Bxg2 Ng3 26. Nxg3 Qxg3 27. bxa6 Kd7 28. Qf5+ Kc6 29. d5+ Kb6 30. Be3+ c5 31. d4 c4 32. Qd7 Rb8 33. Bf2 1-0

[Event "Cannes Martinez op"]
[Site "Cannes"]
[Date "1995.??.??"]
[Round "7"]
[White "Ribreau, Herve"]
[Black "Galmiche, Jean Maurice"]
[Result "1-0"]
[WhiteElo "2195"]
[BlackElo "2070"]
[PlyCount "113"]
[EventDate "1995.07.??"]
[EventType "swiss"]
[EventRounds "9"]
[EventCountry "FRA"]
[SourceTitle "EXT 1998"]
[Source "ChessBase"]
[SourceDate "1997.11.17"]
[SourceVersion "1"]
[SourceVersionDate "1997.11.17"]
[SourceQuality "1"]

1. e4 c5 2. d3 Nc6 3. g3 e6 4. Bg2 d5 5. Nd2 Nge7 6. Ngf3 g6 7. 0-0 Bg7 8. Re1 0-0 9. e5 Qc7 10. Qe2 Bd7 11. c3 h6 12. h4 f5 13. exf6 Rxf6 14. Nf1 e5 15. c4 dxc4 16. dxc4 Raf8 17. Be3 Nd4 18. Bxd4 cxd4 19. Qxe5 Qxe5 20. Nxe5 Bc6 21. Nxc6 Nxc6 22. Bd5+ Kh8 23. f4 Nb4 24. Re7 Nxd5 25. cxd5 Rd6 26. Rxb7 d3 27. Rd1 Rxd5 28. Rb3 Rfd8 29. Rd2 a5 30. Kg2 Bf8 31. Ne3 a4 32. Rb6 Ra5 33. Kf3 g5 34. hxg5 hxg5 35. Rg6 Kh7 36. Rxg5 Rxg5 37. fxg5 Bb4 38. Rd1 a3 39. b3 Bc3 40. Nc4 d2 41. Nxa3 Re8 42. Nb1 Bb4 43. Nxd2 Rd8 44. Rh1+ Kg6 45. Ne4 Bf8 46. Ke3 Kf5 47. Rf1+ Kg6 48. g4 Ba3 49. Rf5 Kg7 50. Kf4 Ra8 51. Rf6 Ra5 52. Ng3 Bb4 53. Nf5+ Kg8 54. g6 Bd2+ 55. Ke4 Ra8 56. Rf7 Bb4 57. Nh6+ 1-0